000
00275nam a2200121Ia 4500
008
211105s9999 xx 000 0 und d
020
_a
VYASA13085
100
_a
Avalon Arthur
245
0
_a
Tantrik Texts
250
_a
\N
260
_b
Motilal banarsidass
_c
\N
300
_a
474p.
999
_c
6913
_d
6913